header

Advances in chemical physics. (Record no. 151736)

MARC details
000 -LEADER
fixed length control field 01202nam a2200301Ia 4500
245 00 - TITLE STATEMENT
Title Advances in chemical physics.
260 ## - PUBLICATION, DISTRIBUTION, ETC. (IMPRINT)
Place of publication Hoboken, NJ :
Name of publisher Wiley Interscience,
Year of publication 2008.
300 ## - PHYSICAL DESCRIPTION
Number of Pages ix, 460 p. :
Other physical details ill.
490 1# - SERIES STATEMENT
Series statement Advances in chemical physics ;
650 #0 - SUBJECT ADDED ENTRY--TOPICAL TERM
Topical Term Chemistry, Physical and theoretical.
Topical Term Physics.
700 1# - ADDED ENTRY--PERSONAL NAME
Personal name Rice, Stuart.
856 40 - ELECTRONIC LOCATION AND ACCESS
Uniform Resource Identifier http://site.ebrary.com/lib/rucke/Doc?id=10232692

No items available.

© 2026 Rongo University
Contact us: librarian | system librarian | Rongo university